The greeping shadows / (Record no. 129821)

MARC details
000 -LEADER
fixed length control field 00697nam a22002417a 4500
005 - DATE AND TIME OF LATEST TRANSACTION
control field 20170124110103.0
010 ## - LIBRARY OF CONGRESS CONTROL NUMBER
LC control number A-240883
020 ## - INTERNATIONAL STANDARD BOOK NUMBER
Terms of availability 00.00
035 ## - SYSTEM CONTROL NUMBER
System control number A-240883
037 ## - SOURCE OF ACQUISITION
Source of stock number/acquisition Cen Lib/Ret
040 ## - CATALOGING SOURCE
Original cataloging agency DPL
Language of cataloging EN
082 ## - DEWEY DECIMAL CLASSIFICATION NUMBER
Classification number N
Item number AWA
100 ## - MAIN ENTRY--PERSONAL NAME
Personal name Awasthy, Rajendra
9 (RLIN) 73756
245 ## - TITLE STATEMENT
Title The greeping shadows /
Statement of responsibility, etc by Rajendra Awasthy; translated by Jai Rattan
260 ## - PUBLICATION, DISTRIBUTION, ETC. (IMPRINT)
Place of publication, distribution, etc New Delhi
Name of publisher, distributor, etc National publishing house
Date of publication, distribution, etc 1985
270 ## - ADDRESS
City New Delhi
Address 23, Daryaganj
Postal code 110002
300 ## - PHYSICAL DESCRIPTION
Extent 142p.
Dimensions 21cm(Hb)
490 ## - SERIES STATEMENT
Series statement Indian writing series
Volume number/sequential designation 5
650 ## - SUBJECT ADDED ENTRY--TOPICAL TERM
Topical term or geographic name as entry element Literature--Fiction
9 (RLIN) 73757
650 ## - SUBJECT ADDED ENTRY--TOPICAL TERM
Topical term or geographic name as entry element English Novel
9 (RLIN) 14422
700 ## - ADDED ENTRY--PERSONAL NAME
Personal name Jai Rattan
9 (RLIN) 73758
942 ## - ADDED ENTRY ELEMENTS (KOHA)
Source of classification or shelving scheme Dewey Decimal Classification
Koha item type English Books
Classification part N
Call number suffix AWA
Holdings
Withdrawn status Lost status Damaged status Not for loan Home library Current library Date acquired Source of acquisition Cost, normal purchase price Total Checkouts Full call number Barcode Date last seen Copy number Cost, replacement price Price effective from Koha item type Public note
Written off       Central Library Central Library 07/07/2015 Cen Lib/Ret 0.00   N AWA A-240883 07/07/2015 1 0.00 07/07/2015 English Books W/d List No. 6859/14 ; dtd 04/08/2020

© Delhi Public Library
Hit Counter
free hit counter